000 00821nmc a2200277 a 4500
003 AR-BaBNM
005 20251128203302.0
008 047019s1978 ||||||||||||||000 | spa||
040 _cAR-BaBNM
100 1 _aLópez de Gomara, Susana
245 1 0 _aLos cuentos de Laura
260 _aBuenos Aires
_bPlus Ultra
_c1978
300 _a48 p.
_bil.
490 0 _aSerie para escuchar y para hablar. Literario-recreativa
_vv. 68
500 _aContiene actividades para los lectores
650 4 _aLITERATURA INFANTIL
650 4 _aLIBROS PARA NINOS
650 4 _aACTIVIDADES DE APRENDIZAJE
650 4 _aCANCIONES
653 _aLIBROS DE LECTURA
655 _aLITERATURA
700 1 _aLorefice de Passalia, Kitty
_eilustrador
800 1 _aArtigas de Sierra, Ione María
_edirector
942 _cBK
998 _claura
999 _c2716
_d2716